| 000 | 00751nam a2200229 i 4500 | ||
|---|---|---|---|
| 001 | 142130 | ||
| 003 | ES-MaACL | ||
| 005 | 20230906200442.0 | ||
| 007 | t| | ||
| 008 | 071003s1973 sp ||||1| spa d | ||
| 080 | _a261.8 | ||
| 100 | 1 |
_aVissier't Hooft, W. A. _9115496 |
|
| 245 | 1 | 0 |
_aHacia una nueva cristiandad / _cW. A. Vissert't Hooft ; [versión de X. Mendiguren]. |
| 260 |
_a[Bilbao] : _bDesclée de Brouwer, _c[1973] |
||
| 300 |
_a84 p. ; _c18 cm. |
||
| 490 | 1 |
_aPensamiento cristiano y diálogo ; _v12 |
|
| 650 | 1 | 4 |
_aEcumenismo. _912045 |
| 700 | 1 |
_aMendiguren, Xabier ( _qMendiguren Bilbao) _9174309 |
|
| 830 | 0 |
_aPensamiento cristiano y diálogo ; _v12 _9183295 |
|
| 852 |
_aES-MaACL _jC-52588 _bR.85804 |
||
| 999 |
_c142130 _d142130 |
||